El comercio exterior de México 1821-1875 (Record no. 74141)
[ view plain ]
| 000 -LEADER | |
|---|---|
| fixed length control field | 00645nam a22001937a 4500 |
| 005 - DATE AND TIME OF LATEST TRANSACTION | |
| control field | 20250310145358.0 |
| 008 - FIXED-LENGTH DATA ELEMENTS--GENERAL INFORMATION | |
| fixed length control field | t mx d gr|||| 00| 0 spa|d |
| 050 04 - LIBRARY OF CONGRESS CALL NUMBER | |
| Classification number | KGF4812 |
| -- | HF3235 |
| Item number | H47 1977 |
| 100 1# - MAIN ENTRY--PERSONAL NAME | |
| Personal name | Herrera Canales, Inés |
| 245 13 - TITLE STATEMENT | |
| Title | El comercio exterior de México 1821-1875 |
| Remainder of title | / Inés Herrera Canales. |
| 250 ## - EDITION STATEMENT | |
| Edition statement | 1a ed. |
| 260 ## - PUBLICATION, DISTRIBUTION, ETC. (IMPRINT) | |
| Place of publication, distribution, etc | México : |
| Name of publisher, distributor, etc | El Colegio de México, |
| Date of publication, distribution, etc | 1977 |
| 300 ## - PHYSICAL DESCRIPTION | |
| Extent | viii, 193 p. : |
| Other physical details | il. ; |
| Dimensions | 22 cm. |
| 490 0# - SERIES STATEMENT | |
| Series statement | Centro de Estudios Históricos ; |
| Volume number/sequential designation | 25 |
| 500 ## - GENERAL NOTE | |
| General note | Incluye índice |
| 650 #4 - SUBJECT ADDED ENTRY--TOPICAL TERM | |
| Topical term or geographic name as entry element | Comercio exterior |
| General subdivision | Historia |
| Chronological subdivision | 1821-1875 |
| 651 #7 - SUBJECT ADDED ENTRY--GEOGRAPHIC NAME | |
| Source of heading or term | lemb |
| Geographic subdivision | México |
| Geographic name | Aranceles |
| General subdivision | Comercio |
| 942 ## - ADDED ENTRY ELEMENTS (KOHA) | |
| Source of classification or shelving scheme | Biblioteca del Cogreso de los Estados Unidos |
| Koha item type | Libro |
| Estado de pérdida | Fuente de clasificación | Estado del daño | No para préstamo | Ubicación permanente | Ubicación actual | Apartado o colección | Fecha de adquisición | Enumeración de Serie / Cronológica | Área del conocimiento | Clasificación | Código de Barras | Date last seen | Número de copia | Tipo de recurso | Edición | Dependencia de educación superior (DES) | Nota pública | Fuente de adquisición | Costo por reposición |
|---|---|---|---|---|---|---|---|---|---|---|---|---|---|---|---|---|---|---|---|
| Biblioteca del Cogreso de los Estados Unidos | Biblioteca de la Facultad de Derecho y Ciencias Sociales "Felipe J. Tena" | Biblioteca de la Facultad de Derecho y Ciencias Sociales "Felipe J. Tena" | General | 11/07/2014 | BFD000005246 | KGF4812 H47 1977 | BFD000005246 | 16/01/2015 | 1 | Libro | |||||||||
| Biblioteca del Cogreso de los Estados Unidos | Biblioteca de la Facultad de Derecho y Ciencias Sociales "Felipe J. Tena" | Biblioteca de la Facultad de Derecho y Ciencias Sociales "Felipe J. Tena" | General | 11/07/2014 | BFD000005247 | KGF4812 H47 1977 | BFD000005247 | 16/01/2015 | 2 | Libro | |||||||||
| Biblioteca del Cogreso de los Estados Unidos | Uso interno Biblioteca | Biblioteca de la Facultad de Economía | Biblioteca de la Facultad de Economía | General | 10/03/2025 | Ciencias Sociales y Administrativas | HF3235 H47 1977 | BFE000012502 | 29/08/2017 | 1 | Libro | 1a ed. | Ciencias Económico Administrativas | Unidad Académica | 1.00 | ||||
| Biblioteca del Cogreso de los Estados Unidos | Biblioteca de la Facultad de Economía | Biblioteca de la Facultad de Economía | General | 10/03/2025 | Ciencias Sociales y Administrativas | HF3235 H47 1977 | BFE000005713 | 29/08/2017 | 2 | Libro | 1a ed. | Ciencias Económico Administrativas | Unidad Académica | 1.00 | |||||
| Biblioteca del Cogreso de los Estados Unidos | Biblioteca del Instituto de Investigaciones Históricas | Biblioteca del Instituto de Investigaciones Históricas | General | 30/08/2018 | Ciencias Sociales y Administrativas | HF3235 H47 1977 | IIH000013020 | 16/01/2015 | C:1 | Libro | 1a ed. | Humanidades | |||||||
| Biblioteca del Cogreso de los Estados Unidos | Biblioteca del Instituto de Investigaciones Históricas | Biblioteca del Instituto de Investigaciones Históricas | General | 30/08/2018 | Ciencias Sociales y Administrativas | HF3235 H47 1977 | IIH000013021 | 16/01/2015 | C: 2 | Libro | 1a ed. | Humanidades | AHR |